[Event "HUN-chT1 Maroczy 2324"]
[Site "Hungary"]
[Date "2024.04.07"]
[Round "9.8"]
[White "Hibjan, Tamas"]
[Black "Egeto, Janos Lehel"]
[Result "1-0"]
[WhiteElo "2137"]
[BlackElo "2012"]
[PlyCount "51"]
[EventDate "2023.10.08"]
[EventType "team-tourn"]
[EventRounds "11"]
[EventCountry "HUN"]
[SourceTitle "EXT 2025"]
[Source "ChessBase"]
[SourceDate "2024.10.14"]
[SourceVersion "1"]
[SourceVersionDate "2024.10.14"]
[SourceQuality "1"]
[WhiteTeam "NYVSC"]
[BlackTeam "Kobanya Aquarena II"]
[WhiteTeamCountry "HUN"]
[BlackTeamCountry "HUN"]

1. e4 c5 2. Nf3 e6 3. d4 cxd4 4. Nxd4 a6 5. c4 Nf6 6. Nc3 Qc7 7. Bd3 d6 8. 0-0 Nbd7 9. Be3 Be7 10. Rc1 b6 11. f4 Bb7 12. b4 0-0 13. a3 Rac8 14. g4 Qb8 15. g5 Ne8 16. Qg4 Nc7 17. Rf3 f5 18. Qh4 g6 19. Rf2 Rf7 20. Qh3 Rcf8 21. Bc2 Qa8 22. exf5 gxf5 23. Bb3 d5 24. cxd5 exd5 25. Bc2 Bc8 26. Nxf5 1-0

[Event "HUN-chT1 Maroczy 2122"]
[Site "Hungary"]
[Date "2021.11.21"]
[Round "4.9"]
[White "Egeto, Janos Lehel"]
[Black "Kosa, Peter"]
[Result "1-0"]
[WhiteElo "2039"]
[BlackElo "2069"]
[PlyCount "99"]
[EventDate "2021.10.10"]
[EventType "team-tourn"]
[EventRounds "11"]
[EventCountry "HUN"]
[SourceTitle "EXT 2025"]
[Source "ChessBase"]
[SourceDate "2024.10.14"]
[SourceVersion "1"]
[SourceVersionDate "2024.10.14"]
[SourceQuality "1"]
[WhiteTeam "Aquarena Kobanya II"]
[BlackTeam "Debrecen Sakkiskola"]
[WhiteTeamCountry "HUN"]
[BlackTeamCountry "HUN"]

1. d4 d5 2. c4 c6 3. Nf3 Nf6 4. e3 Bf5 5. Nc3 e6 6. Bd3 Bxd3 7. Qxd3 Nbd7 8. 0-0 Be7 9. Rd1 0-0 10. e4 dxe4 11. Nxe4 Nxe4 12. Qxe4 Nf6 13. Qe2 Qc7 14. b3 Rfe8 15. Bb2 Rad8 16. Rd3 Bd6 17. Rad1 Nd7 18. g3 a6 19. Qd2 b5 20. Qc3 f6 21. c5 Bf8 22. Re1 Re7 23. Rde3 Rde8 24. b4 g6 25. Qb3 Kf7 26. Re4 Bg7 27. Bc1 a5 28. a3 a4 29. Qa2 g5 30. Bxg5 Kf8 31. Bf4 e5 32. dxe5 fxe5 33. Bg5 Rf7 34. Nd4 Nf6 35. Bxf6 Rxf6 36. Qe2 Kg8 37. Qh5 Ref8 38. Rxe5 Rxf2 39. Ne6 Qf7 40. Qxf7+ R8xf7 41. Rg5 R2f5 42. Rxf5 Rxf5 43. Nxg7 Kxg7 44. Kg2 Rd5 45. Re6 Rd3 46. Rxc6 Rxa3 47. Rb6 Rb3 48. Rxb5 a3 49. Ra5 Rb2+ 50. Kf3 1-0

[Event "HUN-chT2 Maroczy 1718"]
[Site "Hungary"]
[Date "2017.11.26"]
[Round "2.8"]
[White "Egeto, Janos Lehel"]
[Black "Brandics, Jozsef"]
[Result "0-1"]
[WhiteElo "2057"]
[BlackElo "2202"]
[PlyCount "78"]
[EventDate "2017.10.29"]
[EventType "team-tourn"]
[EventRounds "9"]
[EventCountry "HUN"]
[SourceTitle "EXT 2021"]
[Source "ChessBase"]
[SourceDate "2020.10.23"]
[SourceVersion "1"]
[SourceVersionDate "2020.10.23"]
[SourceQuality "1"]
[WhiteTeam "Budapest Kobanya II"]
[BlackTeam "Toth Laszlo"]
[WhiteTeamCountry "HUN"]
[BlackTeamCountry "HUN"]

1. d4 c5 2. d5 e5 3. c4 d6 4. e4 Be7 5. Nc3 Bg5 6. Be2 Bxc1 7. Qxc1 Ne7 8. Nf3 0-0 9. 0-0 Ng6 10. a3 Nf4 11. b4 Nxe2+ 12. Nxe2 b6 13. bxc5 bxc5 14. Ng3 h6 15. Rb1 Nd7 16. Qc2 g6 17. Rb3 Ba6 18. Nd2 Qa5 19. Rfb1 Rab8 20. Ngf1 Rxb3 21. Rxb3 Rb8 22. Rxb8+ Nxb8 23. Qb2 Nd7 24. h3 Nb6 25. Ne3 Bc8 26. g4 Na4 27. Qb8 Qxd2 28. Qxc8+ Kg7 29. Qd7 Nc3 30. Qxd6 Qxf2+ 31. Kxf2 Nxe4+ 32. Ke2 Nxd6 33. Kd3 f5 34. Nd1 e4+ 35. Kc3 Kf6 36. Nb2 f4 37. Na4 f3 38. Kd2 Nxc4+ 39. Ke1 Ke5 0-1

[Event "Budapest FS03 FM"]
[Site "Budapest"]
[Date "2016.03.06"]
[Round "2"]
[White "Egeto, Janos Lehel"]
[Black "Bensaid, Simon"]
[Result "1/2-1/2"]
[WhiteElo "2026"]
[BlackElo "1860"]
[PlyCount "130"]
[EventDate "2016.03.05"]
[EventType "tourn"]
[EventRounds "9"]
[EventCountry "HUN"]
[SourceTitle "CBM 171 Extra"]
[Source "ChessBase"]
[SourceDate "2016.04.26"]
[SourceVersion "1"]
[SourceVersionDate "2016.04.26"]
[SourceQuality "1"]

1. d4 d5 2. c4 dxc4 3. Nf3 a6 4. e3 Nf6 5. Bxc4 e6 6. 0-0 c5 7. dxc5 Qxd1 8. Rxd1 Bxc5 9. Be2 Nc6 10. b3 0-0 11. Bb2 Rd8 12. Nbd2 Nd5 13. Rac1 Ba7 14. Ne4 Bd7 15. Nc5 Bxc5 16. Rxc5 Rac8 17. Rdc1 f6 18. Nd4 Nxd4 19. Bxd4 Rxc5 20. Rxc5 Rc8 21. Rxc8+ Bxc8 22. e4 Nb4 23. a3 Nc6 24. Bc3 Kf7 25. f4 e5 26. g3 Be6 27. Bd1 Ke7 28. Kf2 Kd6 29. b4 Bc4 30. Ke3 Be6 31. h4 Bc4 32. Bg4 Be6 33. Be2 Bb3 34. Bd3 Kc7 35. b5 axb5 36. Bxb5 exf4+ 37. gxf4 Kd6 38. h5 Na7 39. Bb4+ Ke6 40. Be8 Nc6 41. Bf8 Bc2 42. Bxg7 Ke7 43. Bxc6 bxc6 44. Kd4 Kf7 45. h6 Ke6 46. Bf8 Kf7 47. Bg7 Ke6 48. e5 fxe5+ 49. fxe5 Bd1 50. Kc5 Kd7 51. Bf8 Bb3 52. Kb4 Bd5 53. a4 Kc7 54. Kc5 Be6 55. a5 Bc8 56. Bd6+ Kb7 57. Be7 Kc7 58. Bd6+ Kb7 59. a6+ Kxa6 60. Kxc6 Be6 61. Bc5 Bg4 62. Kd6 Kb5 63. e6 Bxe6 64. Kxe6 Kxc5 65. Kf7 Kd6 1/2-1/2

[Event "Budapest FS02 FM"]
[Site "Budapest"]
[Date "2016.02.15"]
[Round "9"]
[White "Egeto, Janos Lehel"]
[Black "Jagadics, Arnold"]
[Result "1-0"]
[WhiteElo "2009"]
[BlackElo "1899"]
[PlyCount "77"]
[EventDate "2016.02.06"]
[EventType "tourn"]
[EventRounds "9"]
[EventCountry "HUN"]
[SourceTitle "CBM 170 Extra"]
[Source "ChessBase"]
[SourceDate "2016.02.25"]
[SourceVersion "1"]
[SourceVersionDate "2016.02.25"]
[SourceQuality "1"]

1. d4 b5 2. Nf3 Bb7 3. g3 e6 4. Bg2 d5 5. 0-0 Nf6 6. a4 b4 7. c3 a5 8. Ne5 c5 9. dxc5 Bxc5 10. Nd3 Bd6 11. cxb4 axb4 12. Nd2 0-0 13. Nb3 Nfd7 14. Be3 Na6 15. Rc1 Qe7 16. Na5 Nac5 17. Nxc5 Nxc5 18. Nxb7 Nxb7 19. b3 Rfc8 20. Bd4 Na5 21. Qd3 f5 22. Bb6 Nc6 23. Rxc6 Rxc6 24. Bxd5 Rc3 25. Qb5 Rb8 26. Bc4 g6 27. Rd1 Rc8 28. a5 f4 29. g4 f3 30. exf3 Bf4 31. Rd7 Qe8 32. Bd4 R3xc4 33. bxc4 e5 34. Qd5+ Kh8 35. Qb7 Qg8 36. Rxh7+ Qxh7 37. Qxc8+ Qg8 38. Qxg8+ Kxg8 39. a6 1-0

[Event "Budapest FS02 FM"]
[Site "Budapest"]
[Date "2016.02.12"]
[Round "6"]
[White "Egeto, Janos Lehel"]
[Black "Bensaid, Simon"]
[Result "1-0"]
[WhiteElo "2009"]
[BlackElo "1851"]
[PlyCount "77"]
[EventDate "2016.02.06"]
[EventType "tourn"]
[EventRounds "9"]
[EventCountry "HUN"]
[SourceTitle "CBM 170 Extra"]
[Source "ChessBase"]
[SourceDate "2016.02.25"]
[SourceVersion "1"]
[SourceVersionDate "2016.02.25"]
[SourceQuality "1"]

1. d4 d5 2. c4 c6 3. e3 Nf6 4. Nf3 e6 5. Bd3 dxc4 6. Bxc4 Nbd7 7. Nc3 b5 8. Bd3 Bd6 9. Qc2 Bb7 10. 0-0 0-0 11. h3 b4 12. Na4 c5 13. Ng5 Rc8 14. Nxh7 cxd4 15. Nxf6+ Qxf6 16. Qe2 Ne5 17. exd4 Nf3+ 18. gxf3 Qh4 19. Kg2 Qxd4 20. Be4 Qe5 21. Rh1 f5 22. Bd3 Qf6 23. h4 e5 24. Bg5 Qg6 25. Ba6 Bxa6 26. Qxa6 e4 27. Rad1 exf3+ 28. Kf1 Qe8 29. Qxd6 Qxa4 30. Qd5+ Kh8 31. Qxf3 Qxa2 32. Be3 Qc4+ 33. Kg2 a5 34. Rd7 Qc6 35. Qxc6 Rxc6 36. Bd4 Rg6+ 37. Kf3 Rc8 38. h5 Rg4 39. h6 1-0

[Event "Budapest FS02 FM"]
[Site "Budapest"]
[Date "2016.02.10"]
[Round "5"]
[White "Kovacs, Judit"]
[Black "Egeto, Janos Lehel"]
[Result "1-0"]
[WhiteElo "2036"]
[BlackElo "2009"]
[PlyCount "71"]
[EventDate "2016.02.06"]
[EventType "tourn"]
[EventRounds "9"]
[EventCountry "HUN"]
[SourceTitle "CBM 170 Extra"]
[Source "ChessBase"]
[SourceDate "2016.02.25"]
[SourceVersion "1"]
[SourceVersionDate "2016.02.25"]
[SourceQuality "1"]

1. Nf3 d5 2. c4 Nf6 3. cxd5 Nxd5 4. d4 g6 5. g3 Bg7 6. Bg2 0-0 7. 0-0 Nb6 8. Nc3 Nc6 9. d5 Na5 10. Qc2 c6 11. dxc6 Nxc6 12. Rd1 Qc7 13. Nb5 Qb8 14. Bf4 e5 15. Be3 Bf5 16. Qc5 Nd7 17. Qd6 Rc8 18. Qxb8 Raxb8 19. Nd6 Rc7 20. Nxf5 gxf5 21. Nh4 f4 22. gxf4 Bh6 23. Bh3 Nb6 24. Bc5 Bf8 25. Bxb6 axb6 26. fxe5 Nxe5 27. Bf5 Rc4 28. Ng2 Ra8 29. Ne3 Rb4 30. b3 Bg7 31. Rac1 Bh6 32. Nd5 Rh4 33. Rc8+ Rxc8 34. Bxc8 Ng4 35. Ne7+ Kf8 36. Nf5 1-0

[Event "Budapest FS02 FM"]
[Site "Budapest"]
[Date "2016.02.08"]
[Round "3"]
[White "Kovacsy, Barnabas"]
[Black "Egeto, Janos Lehel"]
[Result "1/2-1/2"]
[WhiteElo "1936"]
[BlackElo "2009"]
[PlyCount "33"]
[EventDate "2016.02.06"]
[EventType "tourn"]
[EventRounds "9"]
[EventCountry "HUN"]
[SourceTitle "CBM 170 Extra"]
[Source "ChessBase"]
[SourceDate "2016.02.25"]
[SourceVersion "1"]
[SourceVersionDate "2016.02.25"]
[SourceQuality "1"]

1. e4 d5 2. exd5 Qxd5 3. Nf3 Bg4 4. Be2 Nf6 5. d4 c6 6. c4 Qd6 7. Nc3 e6 8. 0-0 Nbd7 9. Be3 Be7 10. Qd2 0-0 11. Bf4 Qb4 12. c5 Kh8 13. Bc7 Nd5 14. a3 Qb3 15. Bd1 Qc4 16. Be2 Qb3 17. Bd1 1/2-1/2

[Event "Budapest FS11 FM-A"]
[Site "Budapest"]
[Date "2015.11.16"]
[Round "9"]
[White "Itgelt, Khuyagtsogt"]
[Black "Egeto, Janos Lehel"]
[Result "1/2-1/2"]
[WhiteElo "1895"]
[BlackElo "1994"]
[PlyCount "64"]
[EventDate "2015.11.07"]
[EventType "tourn"]
[EventRounds "9"]
[EventCountry "HUN"]
[SourceTitle "CBM 169 Extra"]
[Source "ChessBase"]
[SourceDate "2015.12.18"]
[SourceVersion "1"]
[SourceVersionDate "2015.12.18"]
[SourceQuality "1"]

1. e4 d5 2. exd5 Qxd5 3. Nc3 Qd6 4. d4 Nf6 5. Bg5 c6 6. Qd2 Bf5 7. f3 Nbd7 8. 0-0-0 e6 9. Nge2 h6 10. Bf4 Qb4 11. Ng3 Bh7 12. Nge4 Nxe4 13. Nxe4 Qxd2+ 14. Rxd2 Bxe4 15. fxe4 Nf6 16. Bd3 Be7 17. c3 Nh5 18. Be3 Bg5 19. Re1 Bxe3 20. Rxe3 Nf4 21. Bf1 0-0 22. g3 Ng6 23. d5 exd5 24. exd5 cxd5 25. Rxd5 Rfe8 26. Kd2 Nf8 27. Bb5 Red8 28. Bc4 Ng6 29. Red3 Rdc8 30. Bb3 Re8 31. Rf5 Re7 32. Rf2 Kf8 1/2-1/2

[Event "Budapest FS11 FM-A"]
[Site "Budapest"]
[Date "2015.11.15"]
[Round "8"]
[White "Sulcz, Istvan"]
[Black "Egeto, Janos Lehel"]
[Result "1/2-1/2"]
[WhiteElo "1864"]
[BlackElo "1994"]
[PlyCount "75"]
[EventDate "2015.11.07"]
[EventType "tourn"]
[EventRounds "9"]
[EventCountry "HUN"]
[SourceTitle "CBM 169 Extra"]
[Source "ChessBase"]
[SourceDate "2015.12.18"]
[SourceVersion "1"]
[SourceVersionDate "2015.12.18"]
[SourceQuality "1"]

1. Nf3 d5 2. d4 Nf6 3. c4 c6 4. Nc3 e6 5. Bg5 Nbd7 6. e3 Qa5 7. cxd5 exd5 8. Nd2 Bb4 9. Qb3 0-0 10. a3 Bd6 11. Bd3 Re8 12. 0-0 Qc7 13. Nf3 Ne4 14. Bh4 Ndf6 15. Qc2 h6 16. Rfc1 Nxc3 17. bxc3 Ne4 18. Bg3 Nxg3 19. hxg3 Qe7 20. a4 Qf6 21. Rab1 b6 22. c4 Bd7 23. cxd5 cxd5 24. Qb3 Be6 25. Rc2 Qe7 26. Rc3 Rec8 27. Rbc1 Rxc3 28. Qxc3 g6 29. Ba6 Rb8 30. Ne5 Bxe5 31. dxe5 Rd8 32. Qd4 Rd7 33. Rc8+ Kg7 34. Qc3 Rd8 35. Rc7 Rd7 36. Rc8 Rd8 37. Rc7 Rd7 38. Rc8 1/2-1/2

[Event "Budapest FS11 FM-A"]
[Site "Budapest"]
[Date "2015.11.10"]
[Round "4"]
[White "Egeto, Janos Lehel"]
[Black "Itgelt, Khuyagtsogt"]
[Result "1-0"]
[WhiteElo "1994"]
[BlackElo "1895"]
[PlyCount "75"]
[EventDate "2015.11.07"]
[EventType "tourn"]
[EventRounds "9"]
[EventCountry "HUN"]
[SourceTitle "CBM 169 Extra"]
[Source "ChessBase"]
[SourceDate "2015.12.18"]
[SourceVersion "1"]
[SourceVersionDate "2015.12.18"]
[SourceQuality "1"]

1. d4 Nf6 2. c4 g6 3. Nc3 Bg7 4. e4 d6 5. Nf3 0-0 6. Be2 Nbd7 7. 0-0 e5 8. Be3 Qe7 9. d5 Nc5 10. Nd2 a5 11. b3 Ne8 12. a3 f5 13. f3 f4 14. Bf2 g5 15. b4 Nd7 16. Qc2 Rf6 17. Nb5 b6 18. Rfc1 Rh6 19. c5 bxc5 20. bxc5 Ndf6 21. cxd6 cxd6 22. Nc7 Nxc7 23. Qxc7 Qe8 24. Bb6 Bd7 25. Nf1 g4 26. Qc3 Qh5 27. fxg4 Qg6 28. h3 Nxe4 29. Qc7 Qf7 30. Qb7 Re8 31. Rc7 Re7 32. Bb5 Bxb5 33. Rxe7 Qf8 34. Rc1 Nc5 35. Bxc5 Bxf1 36. Kxf1 dxc5 37. Rxc5 Rb6 38. Rxg7+ 1-0

[Event "Budapest-chT1 Lilienthal 1516"]
[Site "Budapest"]
[Date "2015.10.11"]
[Round "3"]
[White "Karacsonyi, Gellert"]
[Black "Egeto, Janos Lehel"]
[Result "0-1"]
[WhiteElo "2055"]
[BlackElo "1940"]
[PlyCount "116"]
[EventDate "2015.09.20"]
[EventType "team-tourn"]
[EventRounds "9"]
[EventCountry "HUN"]
[SourceTitle "EXT 2021"]
[Source "ChessBase"]
[SourceDate "2020.10.23"]
[SourceVersion "1"]
[SourceVersionDate "2020.10.23"]
[SourceQuality "1"]
[WhiteTeam "Penzugyor III"]
[BlackTeam "REAC SISE"]
[WhiteTeamCountry "HUN"]
[BlackTeamCountry "HUN"]

1. e4 d5 2. exd5 Qxd5 3. Nc3 Qd6 4. d4 Nf6 5. Nf3 c6 6. Be2 Bf5 7. 0-0 Nbd7 8. h3 e6 9. Be3 Be7 10. Qd2 0-0 11. a3 Nd5 12. Nxd5 cxd5 13. c3 a6 14. Bf4 Qc6 15. Ne5 Nxe5 16. Bxe5 Bd6 17. Bxd6 Qxd6 18. f4 Be4 19. Bf3 f5 20. Rf2 b5 21. Raf1 Ra7 22. Bxe4 fxe4 23. f5 Raf7 24. Qg5 exf5 25. Rxf5 Rxf5 26. Rxf5 Rxf5 27. Qxf5 g6 28. Qg5 Kg7 29. h4 Qe6 30. h5 h6 31. Qg3 g5 32. Kf2 Kf6 33. Ke3 Kg7 34. Qc7+ Qf7 35. Qxf7+ Kxf7 36. b3 Ke6 37. c4 bxc4 38. bxc4 dxc4 39. Kxe4 Kd6 40. a4 g4 41. d5 c3 42. Kd3 Kxd5 43. Kxc3 Kc5 44. Kd3 Kb4 45. Ke4 Kxa4 46. Kf4 Kb5 47. Kxg4 a5 48. Kf5 a4 49. Kg6 a3 50. Kxh6 a2 51. g4 a1Q 52. g5 Qh8+ 53. Kg6 Kc6 54. h6 Qg8+ 55. Kf6 Qh7 56. g6 Qxh6 57. Kf7 Qf4+ 58. Ke6 Qf8 0-1

[Event "Budapest-chT1 Lilienthal 1516"]
[Site "Budapest"]
[Date "2015.09.20"]
[Round "1"]
[White "Egeto, Janos Lehel"]
[Black "Raibl, Zoltan"]
[Result "1-0"]
[WhiteElo "1940"]
[BlackElo "1999"]
[PlyCount "67"]
[EventDate "2015.09.20"]
[EventType "team-tourn"]
[EventRounds "9"]
[EventCountry "HUN"]
[SourceTitle "EXT 2021"]
[Source "ChessBase"]
[SourceDate "2020.10.23"]
[SourceVersion "1"]
[SourceVersionDate "2020.10.23"]
[SourceQuality "1"]
[WhiteTeam "REAC SISE"]
[BlackTeam "Siketek"]
[WhiteTeamCountry "HUN"]
[BlackTeamCountry "HUN"]

1. d4 d5 2. c4 c6 3. e3 Nf6 4. Nc3 a6 5. Nf3 b5 6. b3 Bf5 7. Bd3 Bxd3 8. Qxd3 b4 9. Na4 Nbd7 10. Ne5 Nxe5 11. dxe5 Nd7 12. cxd5 Nxe5 13. Qe2 cxd5 14. Bb2 Nd7 15. Rc1 e6 16. 0-0 Bd6 17. Bxg7 Rg8 18. Bb2 Qh4 19. f4 Qg4 20. Rf3 Ke7 21. h3 Qf5 22. Kh2 h5 23. Rc6 a5 24. Rf1 Qe4 25. Qf3 Qf5 26. g3 Rgc8 27. Rfc1 Rxc6 28. Rxc6 Qd3 29. Bd4 Qd2+ 30. Qg2 Qd3 31. Qc2 Qb5 32. Nb6 Nxb6 33. Rxb6 Qd7 34. Rxd6 1-0

[Event "Budapest FS09 FM-A"]
[Site "Budapest"]
[Date "2015.09.13"]
[Round "8"]
[White "Egeto, Janos Lehel"]
[Black "Bensaid, Simon"]
[Result "1-0"]
[WhiteElo "1940"]
[BlackElo "1894"]
[PlyCount "67"]
[EventDate "2015.09.05"]
[EventType "tourn"]
[EventRounds "9"]
[EventCountry "HUN"]
[EventCategory "2"]
[SourceTitle "EXT 2016"]
[Source "ChessBase"]
[SourceDate "2015.10.08"]
[SourceVersion "1"]
[SourceVersionDate "2015.10.08"]
[SourceQuality "1"]

1. d4 d5 2. c4 c6 3. e3 Nf6 4. Nc3 Bf5 5. Nf3 e6 6. Bd3 Bxd3 7. Qxd3 Nbd7 8. 0-0 Bb4 9. Bd2 a5 10. a3 Be7 11. b4 dxc4 12. Qxc4 Nb6 13. Qb3 a4 14. Qc2 0-0 15. Ne5 Nfd5 16. Ne4 Nc7 17. Nd3 Qd5 18. Nc3 Qf5 19. e4 Qf6 20. Be3 Nc4 21. Nxa4 b5 22. Nab2 Rfd8 23. Nxc4 bxc4 24. Qxc4 Nb5 25. e5 Qh4 26. f4 Nxa3 27. Qc1 Nb5 28. Rxa8 Rxa8 29. Qxc6 Rb8 30. Rf3 Bxb4 31. Bf2 Nxd4 32. Bxd4 Bc3 33. Qxc3 Rb1+ 34. Rf1 1-0

[Event "Budapest FS09 FM-A"]
[Site "Budapest"]
[Date "2015.09.08"]
[Round "4"]
[White "Egeto, Janos Lehel"]
[Black "Letay, Gyula"]
[Result "1/2-1/2"]
[WhiteElo "1940"]
[BlackElo "1940"]
[PlyCount "87"]
[EventDate "2015.09.05"]
[EventType "tourn"]
[EventRounds "9"]
[EventCountry "HUN"]
[EventCategory "2"]
[SourceTitle "EXT 2016"]
[Source "ChessBase"]
[SourceDate "2015.10.08"]
[SourceVersion "1"]
[SourceVersionDate "2015.10.08"]
[SourceQuality "1"]

1. d4 d5 2. c4 e6 3. Nc3 c6 4. e3 f5 5. Nf3 Nf6 6. Qc2 Bd6 7. b3 Qe7 8. g3 0-0 9. Bg2 Ne4 10. 0-0 Nd7 11. Bb2 Ndf6 12. Nd2 Nxd2 13. Qxd2 Ne4 14. Qd3 g5 15. f3 Nxc3 16. Bxc3 f4 17. gxf4 gxf4 18. e4 Qh4 19. Rf2 Rf7 20. Re1 Bd7 21. Ree2 Rg7 22. Kh1 Kh8 23. e5 Be7 24. Bf1 Be8 25. Rg2 Bg6 26. Qd2 Rag8 27. Rg4 Bf5 28. Rxg7 Rxg7 29. Rg2 Bg5 30. Bd3 Bh3 31. Rg1 Qh6 32. Bf1 Bf5 33. Bd3 Qh3 34. Qe2 Rg6 35. Bxf5 Qxf5 36. cxd5 cxd5 37. Bb4 a6 38. Rc1 Rg8 39. a4 Bh4 40. Bd2 Bd8 41. a5 b5 42. Be1 Qg6 43. Bd2 Qf5 44. Be1 1/2-1/2

[Event "Budapest FS09 FM-A"]
[Site "Budapest"]
[Date "2015.09.07"]
[Round "3"]
[White "Bensaid, Simon"]
[Black "Egeto, Janos Lehel"]
[Result "0-1"]
[WhiteElo "1894"]
[BlackElo "1940"]
[PlyCount "74"]
[EventDate "2015.09.05"]
[EventType "tourn"]
[EventRounds "9"]
[EventCountry "HUN"]
[EventCategory "2"]
[SourceTitle "EXT 2016"]
[Source "ChessBase"]
[SourceDate "2015.10.08"]
[SourceVersion "1"]
[SourceVersionDate "2015.10.08"]
[SourceQuality "1"]

1. e4 d5 2. exd5 Qxd5 3. Nc3 Qd6 4. d4 Nf6 5. Nf3 Bg4 6. g3 c6 7. Bg2 e6 8. h3 Bxf3 9. Bxf3 Be7 10. 0-0 0-0 11. Bf4 Qb4 12. Qd3 Rd8 13. Ne2 Qb6 14. a4 Nd5 15. Bd2 a5 16. Qe4 Nd7 17. c4 N7f6 18. Qc2 Nb4 19. Qc3 Rd7 20. Be3 Qc7 21. Nf4 Rad8 22. Rfd1 Bd6 23. Kg2 Qb8 24. Nd3 Nxd3 25. Rxd3 e5 26. c5 e4 27. Bxe4 Nxe4 28. Qxa5 Bxc5 29. Qe1 Nf6 30. Rad1 Qa7 31. g4 h6 32. Qc3 Nd5 33. Qc4 Be7 34. Bd2 Bf6 35. a5 Bg5 36. Bxg5 hxg5 37. Kf1 Qxa5 0-1